LIBRARY & INFORMATION CENTRE, KCAET, TAVANUR

ONLINE PUBLIC ACCESS CATALOGUE (OPAC)

Normal view MARC view
  • Khanka, SS

Entry Personal Name

Number of records used in: 1

001 - CONTROL NUMBER

  • control field: 2020

003 - CONTROL NUMBER IDENTIFIER

  • control field: OSt

005 - DATE AND TIME OF LATEST TRANSACTION

  • control field: 20170503152852.0

008 - FIXED-LENGTH DATA ELEMENTS

  • fixed length control field: 170503|| aca||aabn | a|a d

040 ## - CATALOGING SOURCE

  • Original cataloging agency: OSt
  • Transcribing agency: OSt

100 ## - HEADING--PERSONAL NAME

  • Personal name: Khanka, SS

670 ## - SOURCE DATA FOUND

  • Source citation: Work cat.: (OSt): Khanka, SS, Entrepreneurial development, 2016
free website counter